<?xml version="1.0" encoding="UTF-8"?>
<record
    xmlns:xsi="http://www.w3.org/2001/XMLSchema-instance"
    xsi:schemaLocation="http://www.loc.gov/MARC21/slim http://www.loc.gov/standards/marcxml/schema/MARC21slim.xsd"
    xmlns="http://www.loc.gov/MARC21/slim">

  <leader>01054nam a2200217Ia 4500</leader>
  <controlfield tag="003">IN-BaIIA</controlfield>
  <controlfield tag="008">211028s9999    xx            000 0 eng d</controlfield>
  <datafield tag="020" ind1=" " ind2=" ">
    <subfield code="a">90-277-0800-2</subfield>
  </datafield>
  <datafield tag="040" ind1=" " ind2=" ">
    <subfield code="c">IIA Library</subfield>
  </datafield>
  <datafield tag="080" ind1=" " ind2=" ">
    <subfield code="a">621.391(082.1)</subfield>
    <subfield code="b">ASP-1</subfield>
  </datafield>
  <datafield tag="111" ind1=" " ind2=" ">
    <subfield code="a">NATO Advanced Study institute on Astronomical Society of the Pacificects of Signal Processing with Emphasiss on Underwater Acoustics pt 1</subfield>
    <subfield code="c">Portovenere, La Spezia, Italy</subfield>
    <subfield code="d">1976 Aug 30-Sep 11</subfield>
    <subfield code="9">9780</subfield>
  </datafield>
  <datafield tag="245" ind1=" " ind2="0">
    <subfield code="a">Aspects of Signal processing</subfield>
    <subfield code="b">proceedings of the NATO Advanced Study institute on Aspects of Signal processing with Emphasiss on Underwater Acoustics, pt. 1, held in Portovenere, La Spezia, Italy 30 August&#x2013;11 Sept.ember 1976</subfield>
    <subfield code="c">edited by G. Tacconi                                           </subfield>
  </datafield>
  <datafield tag="260" ind1=" " ind2=" ">
    <subfield code="a">Dordrecht</subfield>
    <subfield code="b">D. Reidel Publishing</subfield>
    <subfield code="c">1977</subfield>
  </datafield>
  <datafield tag="300" ind1=" " ind2=" ">
    <subfield code="a">[various pagings.]</subfield>
  </datafield>
  <datafield tag="650" ind1=" " ind2=" ">
    <subfield code="a">NASA thesaurus</subfield>
  </datafield>
  <datafield tag="650" ind1=" " ind2=" ">
    <subfield code="a">Signal processing</subfield>
    <subfield code="9">3537</subfield>
  </datafield>
  <datafield tag="650" ind1=" " ind2=" ">
    <subfield code="a">Surface acoustic Wave devices</subfield>
    <subfield code="9">9781</subfield>
  </datafield>
  <datafield tag="650" ind1=" " ind2=" ">
    <subfield code="a">Underwater Acoustics</subfield>
    <subfield code="9">9782</subfield>
  </datafield>
  <datafield tag="700" ind1=" " ind2=" ">
    <subfield code="a">Tacconi, G., ed</subfield>
    <subfield code="9">9783</subfield>
  </datafield>
  <datafield tag="942" ind1=" " ind2=" ">
    <subfield code="c">BK</subfield>
  </datafield>
  <datafield tag="999" ind1=" " ind2=" ">
    <subfield code="c">5633</subfield>
    <subfield code="d">5633</subfield>
  </datafield>
  <datafield tag="952" ind1=" " ind2=" ">
    <subfield code="0">0</subfield>
    <subfield code="1">0</subfield>
    <subfield code="4">0</subfield>
    <subfield code="7">0</subfield>
    <subfield code="a">BAN</subfield>
    <subfield code="b">BAN</subfield>
    <subfield code="c">GEN</subfield>
    <subfield code="d">1977-12-03</subfield>
    <subfield code="l">0</subfield>
    <subfield code="o">621.391(082.1)/ ASP-1</subfield>
    <subfield code="p">6303</subfield>
    <subfield code="r">2021-11-05</subfield>
    <subfield code="w">1977-12-03</subfield>
    <subfield code="y">BK</subfield>
    <subfield code="G">DFL 165.00</subfield>
  </datafield>
</record>
